Desenhe as Fronteiras Estaduais do Brasil - Statistics

Estatísticas Gerais
  • Esse quiz foi jogado 679 vezes
  • A pontuação média é 44 de 50
Respostas no mapa
Respostas codificadas por cores de uma escala verde-vermelha no mapa do quiz de acordo com a % correta abaixo.
 
Estatísticas das Respostas
Fronteira % Correto
Acre-Amazonas
95%
Rio Grande do Sul-Santa Catarina
95%
Mato Grosso-Mato Grosso do Sul
94%
Paraná-Santa Catarina
94%
Rio de Janeiro-São Paulo
94%
Amazonas-Pará
93%
Amazonas-Rondônia
93%
Amazonas-Roraima
93%
Espírito Santo-Rio de Janeiro
93%
Minas Gerais-São Paulo
93%
Paraná-São Paulo
93%
Bahia-Minas Gerais
92%
Mato Grosso do Sul-Paraná
92%
Mato Grosso do Sul-São Paulo
92%
Amazonas-Mato Grosso
91%
Goiás-Mato Grosso
91%
Minas Gerais-Rio de Janeiro
91%
Bahia-Tocantins
90%
Goiás-Mato Grosso do Sul
90%
Goiás-Minas Gerais
90%
Mato Grosso-Pará
90%
Amapá-Pará
89%
Ceará-Rio Grande do Norte
89%
Espírito Santo-Minas Gerais
89%
Maranhão-Pará
89%
Mato Grosso-Tocantins
89%
Pará-Tocantins
89%
Bahia-Goiás
88%
Goiás-Tocantins
88%
Mato Grosso-Rondônia
88%
Bahia-Espírito Santo
87%
Bahia-Pernambuco
87%
Maranhão-Tocantins
87%
Mato Grosso do Sul-Minas Gerais
87%
Bahia-Sergipe
86%
Ceará-Pernambuco
86%
Maranhão-Piauí
86%
Pará-Roraima
86%
Alagoas-Pernambuco
85%
Paraíba-Pernambuco
85%
Alagoas-Bahia
84%
Alagoas-Sergipe
84%
Bahia-Piauí
84%
Ceará-Piauí
84%
Ceará-Paraíba
83%
Paraíba-Rio Grande do Norte
82%
Pernambuco-Piauí
82%
Distrito Federal-Goiás
77%
Acre-Rondônia
72%
Piauí-Tocantins
66%
Nenhum quiz correspondente encontrado
Distribuição das Pontuações
Porcentagem de Pessoas com Cada Pontuação
Percentil de Números Respondidos
Sua Pontuação Histórica
Você não jogou esse quiz